الوثائق الدولية والإقليمية المعنية بالعدالة الجنائية / (Record no. 24104)
[ view plain ]
| 000 -الفاتح | |
|---|---|
| حقل البيانات ثابتة الطول | 01137nam a22002655a 4500 |
| 003 - محدد رقم الضبط | |
| رقم الضبط | OSt |
| 005 - وقت وتاريخ اخر تعامل مع التسجيلة | |
| رقم الضبط | 20201128024129.0 |
| 008 - عناصر البيانات ثابتة الطول - معلومات عامة | |
| حقل البيانات ثابتة الطول | 170208s2012 ua frb 000 0 ara d |
| 015 ## - | |
| -- | 2009 / 14673 |
| 020 ## - الرقم الدولى المعيارى للكتب | |
| الرقم الدولى المعيارى للكتاب | 9789770461551 |
| 040 ## - مصدر الفهرسة | |
| وكالة الفهرسة الأصلية | EG-ScBUE |
| لغة الفهرسة | ara |
| وكالة النسخ | EG-ScBUE |
| 082 04 - رقم تصنيف ديوى العشرى | |
| رقم التصنيف | 345 |
| رقم المادة | و ث ا |
| رقم الطبعة | 22 |
| 245 02 - بيان العنوان | |
| العنوان | الوثائق الدولية والإقليمية المعنية بالعدالة الجنائية / |
| بيان المسئوليه,etc | تجميع محمود شريف بسيوني، خالد محي الدين. |
| 250 ## - بيان الطبعة | |
| بيان الطبعة | ط. 3. |
| 260 ## - PUBLICATION, DISTRIBUTION, ETC. (IMPRINT) | |
| مكان الناشر او الموزع | القاهرة : |
| اسم الناشر او الموزع | دار النهضة العربية، |
| تاريخ النشر أو التوزيع | 2012. |
| 300 ## - الوصف المادى | |
| التعداد | 2 مج. ؛ |
| أبعاد الوعاء | 24 سم. |
| 504 ## - تبصرة ببليوجرافية | |
| تبصرة ببليوجرافية,الخ | يشتمل على إرجاعات ببليوجرافية. |
| 505 2# - تبصرة محتويات-الفهرس | |
| تبصرة المحتويات المصاغة | مج. 1. الوثائق الدولية والإقليمية -- مج. 2. الجرائم الدولية والتعاون الدولي. |
| 650 #7 - المدخل الاضافى بالموضوع-مصطلح موضوعى | |
| مصطلح موضوعي أو اسم جغرافي كعنصر مدخل | القانون الدولي الجنائي |
| التقسيم الفرعي الشكلي | مصادر. |
| مصدر الرأس أو المصطلح | BUEsh |
| 651 ## - المدخل الاضافى بالموضوع - اسم جغرافى | |
| مصدر الرأس أو المصطلح | BUEsh |
| 653 ## - مصطلح تكشيفى غير مقيد | |
| Resource For college | Law |
| Arrived date list | February2017 |
| -- | March2017 |
| 700 1# - المدخل الاضافى - اسم شخصى | |
| الإسم الشخصى | بسيوني، محمود شريف، |
| الدور | مجمع. |
| 700 1# - المدخل الاضافى - اسم شخصى | |
| الإسم الشخصى | محي الدين، خالد، |
| الدور | مجمع. |
| 9 (RLIN) | 472 |
| 942 ## - عناصر المدخل الإضافي( كوها) | |
| مصدر التصنيف او مخطط الترفيف | Dewey Decimal Classification |
| حالة التراجع | حالة الفقد | مصدر التصنيف او خطة الترفيف | حالة تلف | ليس للاعارة | مجموعات كوها | المكان الدائم | المكان الحالي | موقع الترفيف | تاريخ الاكتساب | Source of acquisition | سعر الشراء الطبيعي | تعداد مسلسل / التسلسل الزمني | رقم الاستدعاء | الباركود | Date last seen | التكلفة | نوع الوعاء | تبصرة عامة | مُعار |
|---|---|---|---|---|---|---|---|---|---|---|---|---|---|---|---|---|---|---|---|
| Dewey Decimal Classification | دار النهضة العربية | Central Library | Central Library | First floor | 08/02/2017 | Purchase | 265.00 | 2815 | 345 و ث ا | 000045401 | 15/07/2025 | 331.25 | Book - Borrowing | مج. 2 | |||||
| Dewey Decimal Classification | دار النهضة العربية | Central Library | Central Library | First floor | 23/03/2017 | Purchase | 265.00 | 2815 | 345 و ث ا | 000045897 | 15/07/2025 | 331.25 | Book - Borrowing | مج. 1 | 09/12/2023 | ||||
| Dewey Decimal Classification | دار النهضة العربية | Central Library | Central Library | First floor | 23/03/2017 | Purchase | 265.00 | 2815 | 345 و ث ا | 000045898 | 15/07/2025 | 331.25 | Book - Borrowing | مج. 1 | |||||
| Dewey Decimal Classification | دار النهضة العربية | Central Library | Central Library | First floor | 23/03/2017 | Purchase | 265.00 | 2815 | 345 و ث ا | 000045899 | 15/07/2025 | 331.25 | Book - Borrowing | مج. 2 |